Christianity and democratisation (Record no. 55802)
[ view plain ]
| 000 -LEADER | |
|---|---|
| fixed length control field | 02004nam a2200349 a 4500 |
| 100 1# - MAIN ENTRY--AUTHOR NAME | |
| Personal name | Anderson, John. |
| 245 10 - TITLE STATEMENT | |
| Title | Christianity and democratisation |
| 260 ## - PUBLICATION, DISTRIBUTION, ETC. (IMPRINT) | |
| Place of publication | Manchester, U.K. ; |
| -- | New York : |
| Name of publisher | Manchester University Press ; |
| Place of publication | New York : |
| Name of publisher | Distributed in the United States exclusively by Palgrave Macmillan, |
| Year of publication | 2009. |
| 300 ## - PHYSICAL DESCRIPTION | |
| Number of Pages | x, 273 p. |
| 490 1# - SERIES STATEMENT | |
| Series statement | Perspectives on democratic practice |
| 505 0# - FORMATTED CONTENTS NOTE | |
| Formatted contents note | Introduction -- Democracy and the Christian tradition -- The Catholic 'third wave': undermining authoritarianism -- The Catholic 'third wave': creating a new order -- The Orthodox hesitation: church, state and nation -- The Orthodox hesitation: the 'liberal-democracy' paradox -- The Protestant ethic revisited: conservative Christianity and the quality of American democracy -- The Protestant ethic revisited: the Pentecostal explosion as democratic hindrance or support? -- Conclusion. |
| 650 #0 - SUBJECT ADDED ENTRY--TOPICAL TERM | |
| Topical Term | Democracy |
| 856 40 - ELECTRONIC LOCATION AND ACCESS | |
| Uniform Resource Identifier | http://site.ebrary.com/lib/rucke/Doc?id=10623286 |
No items available.
